Culture Générale - Série 2147 - Statistiques

Statistiques générales
  • Ce quiz a été pris 102 fois
  • Le résultat moyen est 4 sur 10
Statistiques - réponses
Question Réponse % Correct
Comment appelle-t-on le museau du porc ou du sanglier ? groin
84%
Quel acteur est "Jim" dans le film "La fureur de vivre" de Nicholas Ray en 1956 ? voir photo James Dean
82%
Quel mot anglais signifiant "radeau" désigne un radeau pneumatique utilisé pour descendre des torrents ? raft
73%
Quel anglicisme est employé couramment pour désigner un "egoportrait" ? selfie
71%
Le genre littéraire qui présente un récit héroïque dans le cadre d'un monde merveilleux s'appelle "heroic... fantasy
46%
Quel mot rimant avec "braguette" désigne des toilettes publiques sanisette
31%
Quel adjectif de 7 lettres commençant par " v " est synonyme de "vieux", "dépassé" ? vétuste
28%
Quel mot de 8 lettres commençant par " s " est synonyme de "surboum", "surprise-parte" sauterie
15%
Comment appelle-t-on la longue tige en bois à l'extrémité de laquelle se trouve un crochet recourbé vers l'intérieur.? - synonyme de "bêtise" gaffe
13%
Comment appelle-t-on le praticien dont le domaine s'étend à la bouche et aux dents ? odontologue
5%
Aucun quiz correspondant
Distribution des résultats
% des personnes avec chaque résultat
Percentile par nombre de réponses
Votre historique - résultats
Vous n’avez pas pris ce quiz